Respirar la vida /

Zapisane w:
Opis bibliograficzny
1. autor: Ternaux, Catherine (autor)
Kolejni autorzy: Fuentes, Jean-Manuel (colaboración) (colaboración)
Format: Książka
Język:hiszpański
Wydane: Palma de Mallorca, España : José J. de Olañeta, 2003, c2003
Seria:(El Cuerno de la Abundancia. Serie Mayor ; 22)
Hasła przedmiotowe:
Etykiety: Dodaj etykietę
Nie ma etykietki, Dołącz pierwszą etykiete!

MARC

LEADER 00000nam^a2200000^a^4500
001 000177497
005 20250521000000.0
009 20260310101718.169
020 |a 84-9716-327-3 
037 |a Acervo ITESO - Biblioteca 
041 |a ESP 
082 |a 613. 192  |b TER 
100 |a Ternaux, Catherine  |e (autor) 
245 1 0 |a Respirar la vida /  |c C. Ternaux ; colaboración de J.M. Fuentes ; tr. por Bartolomé Gili. 
264 4 |a Palma de Mallorca, España :  |b José J. de Olañeta,  |c 2003, c2003 
300 |a 93 p. 
336 |a texto  |b txt  |2 rdacontenido 
337 |a sin mediación  |b n  |2 rdamedio 
338 |a volumen  |b nc  |2 rdasoporte 
440 4 |a (El Cuerno de la Abundancia.  |p Serie Mayor ;  |v 22) 
649 |a XX 
650 |a Respiración 
650 |a Entrenamiento en Relajación 
650 |a Sistema Respiratorio 
650 |a Fisiología 
650 |a Educación Física 
650 |a Calidad de Vida 
650 |a Yoga 
650 |a Medicina Alternativa 
700 |a Fuentes, Jean-Manuel  |e (colaboración) 
910 |a Fondo General 
920 |a Impresos - Libros 
930 |a Colección General 
905 |a 101 
901 |a 0500116060  |b IT1  |c ACC  |u 20250521 
902 |a https://opac.biblio.iteso.mx/vufind/Record/000177497